De la observación a la forma en arquitectura 2016
Saved in:
| Main Authors: | , , |
|---|---|
| 格式: | 圖書 |
| 語言: | 西班牙语 |
| 出版: |
Viña del Mar
Escuela de Arquitectura y Diseño PUCV
2017
|
| 版: | 1a. ed |
| 主題: | |
| 標簽: |
添加標簽
沒有標簽, 成為第一個標記此記錄!
|
MARC
| LEADER | 00000cam a2200000 a 4500 | ||
|---|---|---|---|
| 001 | UCD7451 | ||
| 003 | CL-VaPUC | ||
| 008 | 170326e20170000cl |||||||||||||||||spa|d | ||
| 082 | 0 | 4 | |a 721.01 |b CAR |2 21 |
| 100 | |a Cáraves Silva, Patricio |e autor |9 709220 | ||
| 700 | 0 | |a Rodríguez Melo, Esmeralda |e author |9 591468 | |
| 700 | 0 | |a Donoso Araya, María Elisa |e author |9 591469 | |
| 245 | 1 | 0 | |a De la observación a la forma en arquitectura 2016 |
| 250 | |a 1a. ed | ||
| 300 | |a 63 p | ||
| 942 | |c BK | ||
| 945 | |d 20170326 03:36:00 |a dcastane | ||
| 260 | |a Viña del Mar |b Escuela de Arquitectura y Diseño PUCV |c 2017 | ||
| 650 | 0 | |a Filosofía de la arquitectura |9 267382 | |
| 650 | 7 | |a TEORIA DE LA ARQUITECTURA |2 CL-VaPUC |9 483680 | |
| 650 | 7 | |a OBSERVACION |2 CL-VaPUC |9 336333 | |
| 650 | 0 | |a Apreciación estética |9 345969 | |
| 650 | 7 | |a ESTILOS ARQUITECTONICOS |2 CL-VaPUC |9 372532 | |
| 583 | |a last modification |c 20170326 03:36:00 |k Rodrigo Vera | ||
| 999 | |c 367485 |d 367483 | ||
| 952 | |0 0 |1 0 |3 erb |4 0 |6 721_010000000000000_CAR_2017 |7 0 |8 R |9 482363 |a BIBARQ |b BIBARQ |i 5368782 |l 6 |m 1 |o 721.01 CAR 2017 |p 5368782 |r 2025-01-20 |s 2024-10-07 |w 2019-11-24 |y BK_R |z Catalogado en:20170326 |k ARQ | ||